000 00477nam a2200181Ia 4500
005 20250423100326.0
008 250422s9999 xx 000 0 und d
020 _a9786782249
050 _aPN 4781 .E85/
100 _aEsimokha, Godwin
245 0 _aNews writing and reporting
260 _aLagos
260 _bGreat Achievers Communications
260 _c2011
300 _a140 p
650 _a Reporters and reporting. Journalism--Authorship.
942 _cBK
999 _c32963
_d32963